Jisoo In Every MV - Statistics

General Stats
  • This quiz has been taken 113 times
    96 since last reset
  • The average score is 12 of 14
Answer Stats
Picture Answer % Correct
Flower
94%
Stay
94%
Kill This Love
90%
Pink Venom
90%
Playing With Fire
90%
As If It's your Last
88%
Boombayah
88%
earthquake
87%
Ice Cream
87%
Shut Down
82%
How You Like That
76%
Ddu-Du Ddu-Du
73%
Whistle
69%
Lovesick Girls
60%
No matching quizzes found
Score Distribution
Percent of People with Each Score
Percentile by Number Answered
Your Score History
You have not taken this quiz since the last reset